| 000 | 00385nam a22001577a 4500 | ||
|---|---|---|---|
| 999 |
_c193060 _d193060 |
||
| 008 | 221014b ||||| |||| 00| 0 eng d | ||
| 082 | _aS-DAS | ||
| 100 | _aDAS,MANOJ | ||
| 245 |
_aSTORY OF KRISHNA _hENGLISH |
||
| 260 |
_aNEW DELHI _bA.I.C.B |
||
| 270 | _aA.I.C.B,ROHINI,NEW DELHI | ||
| 300 |
_a. _b. _c12X13 |
||
| 490 | _v1-2 | ||
| 700 | _aDAS,MANOJ | ||
| 942 |
_2ddc _cBRLEN _kS _mDAS |
||